A history of world societies / (Record no. 332287)

000 -LEADER
fixed length control field 01128nam a2200325 a 4500
001 - CONTROL NUMBER
control field 3370450
003 - CONTROL NUMBER IDENTIFIER
control field NUST
005 - DATE AND TIME OF LATEST TRANSACTION
control field 20171122145406.0
008 - FIXED-LENGTH DATA ELEMENTS--GENERAL INFORMATION
fixed length control field 870427s1988 mauaf b 001 0 eng
010 ## - LIBRARY OF CONGRESS CONTROL NUMBER
LC control number 87081266
020 ## - INTERNATIONAL STANDARD BOOK NUMBER
International Standard Book Number 0395369142 (pbk. : v. 1)
020 ## - INTERNATIONAL STANDARD BOOK NUMBER
International Standard Book Number 0395369150 (pbk. : v. 2)
040 ## - CATALOGING SOURCE
Original cataloging agency DLC
Transcribing agency DLC
Modifying agency DLC
050 00 - LIBRARY OF CONGRESS CALL NUMBER
Classification number CB69
Item number .M3 1988
082 00 - DEWEY DECIMAL CLASSIFICATION NUMBER
Classification number 909 MCK
Edition number 19
100 1# - MAIN ENTRY--PERSONAL NAME
Personal name McKay, John P.
9 (RLIN) 6674
245 12 - TITLE STATEMENT
Title A history of world societies /
Statement of responsibility, etc. John P. McKay, Bennett D. Hill, John Buckler.
250 ## - EDITION STATEMENT
Edition statement 2nd ed.
260 ## - PUBLICATION, DISTRIBUTION, ETC.
Place of publication, distribution, etc. Boston :
Name of publisher, distributor, etc. Houghton Mifflin,
Date of publication, distribution, etc. c1988.
300 ## - PHYSICAL DESCRIPTION
Extent 2 v. (xvi, 1280, [57] p., [48] p. of plates :
Other physical details ill. (some col.) ;
Dimensions 26 cm.
500 ## - GENERAL NOTE
General note P.B
504 ## - BIBLIOGRAPHY, ETC. NOTE
Bibliography, etc. note Includes bibliographies and indexes.
505 0# - FORMATTED CONTENTS NOTE
Formatted contents note v. 1 To 1715 -- v. 2. Since 1500.
650 #0 - SUBJECT ADDED ENTRY--TOPICAL TERM
Topical term or geographic name entry element Civilization
General subdivision History.
9 (RLIN) 3712
700 1# - ADDED ENTRY--PERSONAL NAME
Personal name Hill, Bennett, D.
9 (RLIN) 6675
700 1# - ADDED ENTRY--PERSONAL NAME
Personal name Buckler, John.
9 (RLIN) 6676
906 ## - LOCAL DATA ELEMENT F, LDF (RLIN)
a 7
b cbc
c orignew
d 2
e opcn
f 19
g y-gencatlg
942 ## - ADDED ENTRY ELEMENTS (KOHA)
Source of classification or shelving scheme
Koha item type Book
Call number prefix IESE
Holdings
Withdrawn status Lost status Source of classification or shelving scheme Damaged status Not for loan Collection code Permanent Location Current Location Shelving location Date acquired Total Checkouts Full call number Barcode Date last seen Price effective from Koha item type
            Institute of Environmental Science and Engineering (IESE) Institute of Environmental Science and Engineering (IESE) Fiction 11/22/2017   909 MCK IESE-2600 11/22/2017 11/22/2017 Book
© 2023 Central Library, National University of Sciences and Technology. All Rights Reserved.